[Event "IV Open Internacional Calvia"]
[Site "Calvia"]
[Date "2007.10.18"]
[Round "4.35"]
[White "Mogranzini, Roberto"]
[Black "Kvisla, Johannes Luangtep"]
[Result "1-0"]
[WhiteElo "2415"]
[BlackElo "2124"]
[PlyCount "157"]
[EventDate "2007.??.??"]

1. e4 e5 2. Nf3 Nf6 3. Nxe5 d6 4. Nc4 Nxe4 5. d4 d5 6. Ne3 g6 7. Nd2 Bg7 8. c3
O-O 9. Nxe4 dxe4 10. Bc4 Kh8 11. h4 h6 12. Ng4 Kh7 13. Bf4 c5 14. d5 f5 15. Ne3
Nd7 16. Qd2 Ne5 17. Be2 Bd7 18. g3 b5 19. c4 Rb8 20. Rb1 bxc4 21. Nxc4 Nxc4 22.
Bxc4 Rb4 23. b3 Qf6 24. Kf1 Bb5 25. Bxb5 Rxb5 26. Re1 Qd4 27. Qe2 Rb7 28. Rd1
Qc3 29. Kg2 Rd8 30. d6 Be5 31. Rc1 Qf3+ 32. Qxf3 exf3+ 33. Kxf3 Bxf4 34. Kxf4
Rxd6 35. Rhd1 Ra6 36. Rd2 Ra5 37. Rcc2 Kg7 38. Rd6 Rb4+ 39. Kf3 Rb6 40. Rd7+
Kf6 41. Rc7 Rba6 42. a4 Rb6 43. Rc3 g5 44. hxg5+ hxg5 45. Rd3 Rb4 46. Rc3 Rb6
47. Ke3 Re6+ 48. Kd3 Rd6+ 49. Kc2 Re6 50. Kd1 Rd6+ 51. Kc1 Rb6 52. Re3 f4 53.
gxf4 gxf4 54. Rc3 Rb4 55. f3 Rd4 56. Kc2 Rd5 57. Rc4 Rf5 58. Rc6+ Kg5 59. Re6
Rd5 60. Kc3 Rd1 61. Re5+ Kf6 62. Rh5 Rd4 63. Rhxc5 Rxc5 64. Kxd4 Ra5 65. Ke4
Kg5 66. Rc6 Rf5 67. Rc7 Rf8 68. Rg7+ Kf6 69. Rb7 Kg5 70. Re7 Rb8 71. Re5+ Kf6
72. Rb5 Rxb5 73. axb5 Ke6 74. Kxf4 Kd5 75. Kg5 Kc5 76. f4 Kxb5 77. f5 Kb4 78.
f6 Kxb3 79. f7 1-0

[Event "IV Open Internacional Calvia"]
[Site "Calvia"]
[Date "2007.10.18"]
[Round "4.38"]
[White "Martin Sanchez, Enric"]
[Black "Galiana, Juan Ramon"]
[Result "1-0"]
[WhiteElo "2039"]
[BlackElo "2252"]
[PlyCount "79"]
[EventDate "2007.??.??"]

1. e4 e6 2. d4 d5 3. e5 c5 4. c3 Nc6 5. Nf3 Bd7 6. a3 a5 7. Be2 Qb6 8. O-O a4
9. c4 Nxd4 10. Nxd4 cxd4 11. cxd5 exd5 12. Bg4 Be6 13. Bxe6 fxe6 14. Nd2 Ne7
15. b3 Nc6 16. bxa4 Be7 17. Qg4 O-O 18. Qxe6+ Kh8 19. Qxd5 Rxa4 20. Rb1 Qc7 21.
Nc4 Ra6 22. Rb3 Nd8 23. Bd2 Rc6 24. Ba5 Qc8 25. Nb6 Qf5 26. Rf3 Qg5 27. Rxf8+
Bxf8 28. f4 Qe7 29. Bb4 Qe8 30. Bxf8 Qxf8 31. Nc4 h6 32. Nd6 Qg8 33. Qxd4 Qa2
34. f5 Rc2 35. Qg4 Qxa3 36. f6 Qe3+ 37. Kh1 gxf6 38. exf6 Ne6 39. f7 Qg5 40.
f8=Q+ 1-0

[Event "IV Open Internacional Calvia"]
[Site "Calvia"]
[Date "2007.10.18"]
[Round "4.40"]
[White "Givon, Asaf"]
[Black "Babar, Michael"]
[Result "1-0"]
[WhiteElo "1937"]
[BlackElo "2160"]
[PlyCount "71"]
[EventDate "2007.??.??"]

1. e4 c5 2. Nf3 d6 3. d4 cxd4 4. Nxd4 Nf6 5. f3 a6 6. c4 Qb6 7. b3 Nc6 8. Be3
Qa5+ 9. Qd2 Qxd2+ 10. Kxd2 g6 11. Nc3 Bg7 12. Nde2 O-O 13. Rc1 b5 14. Nf4 b4
15. Ncd5 Bb7 16. Nd3 a5 17. c5 dxc5 18. Nxc5 Nxd5 19. exd5 Bc3+ 20. Kd1 Nd8 21.
Bc4 Bc8 22. Rxc3 bxc3 23. Bh6 Nb7 24. Bxf8 Kxf8 25. Nxb7 Bxb7 26. Kc2 Rc8 27.
Rd1 Rd8 28. Rd3 Rd6 29. Kxc3 Ke8 30. Kd4 Kd8 31. Kc5 Kc7 32. Rc3 Kd7 33. Bb5+
Kd8 34. Bc6 Ba6 35. a3 g5 36. b4 1-0

[Event "IV Open Internacional Calvia"]
[Site "Calvia"]
[Date "2007.10.18"]
[Round "4.41"]
[White "Pinheiro, Jose"]
[Black "Pettersen, Joar Gullestad"]
[Result "1-0"]
[WhiteElo "2331"]
[BlackElo "2027"]
[PlyCount "67"]
[EventDate "2007.??.??"]

1. c4 Nf6 2. g3 e5 3. Bg2 d5 4. cxd5 Nxd5 5. Nc3 Nb6 6. Nf3 Nc6 7. O-O Be7 8.
d3 O-O 9. Be3 Be6 10. a3 f6 11. Rc1 Nd4 12. Bxd4 exd4 13. Ne4 c6 14. Qc2 Qd7
15. Rfe1 f5 16. Nc5 Bxc5 17. Qxc5 Rad8 18. Qa5 Qc7 19. b4 Rf6 20. Nd2 Rff8 21.
Rc2 Bd5 22. b5 Bxg2 23. Kxg2 Rd5 24. a4 Rc8 25. Rec1 c5 26. Nb3 Qd6 27. Qxa7
Ra8 28. Qxb7 Rb8 29. Qc6 Qxc6 30. bxc6 Nxa4 31. Nxc5 Nc3 32. Ne6 Nb5 33. Rc5
Rd6 34. Rxb5 1-0

[Event "IV Open Internacional Calvia"]
[Site "Calvia"]
[Date "2007.10.18"]
[Round "4.42"]
[White "Cerdo Fernandez, Miguel"]
[Black "Ruiz Vinals, Matias"]
[Result "0-1"]
[WhiteElo "1990"]
[BlackElo "2164"]
[PlyCount "110"]
[EventDate "2007.??.??"]

1. e4 c5 2. Nf3 e6 3. d4 cxd4 4. Nxd4 Nc6 5. Be3 Qc7 6. Bd3 a6 7. O-O Nf6 8.
Nc3 Ne5 9. Bf4 d6 10. Bg3 Be7 11. Kh1 O-O 12. f4 Nc4 13. Bxc4 Qxc4 14. Qd3 Qxd3
15. cxd3 Bd7 16. Rac1 Rac8 17. f5 Ng4 18. h3 Ne5 19. Rcd1 b5 20. Nce2 Nc6 21.
Rc1 Nb4 22. fxe6 fxe6 23. Rxf8+ Kxf8 24. Rxc8+ Bxc8 25. Nc1 Bd7 26. a3 Nc6 27.
Nxc6 Bxc6 28. Ne2 Ke8 29. Kg1 Kd7 30. e5 dxe5 31. Bxe5 g6 32. Nc3 Bg5 33. Ne4
Bxe4 34. dxe4 Kc6 35. Bd4 Be7 36. Kf2 Bc5 37. Ke3 e5 38. Bxc5 Kxc5 39. Kd3 a5
40. b3 Kd6 41. b4 axb4 42. axb4 Ke6 43. h4 g5 44. g3 Kf6 45. Ke3 Kg6 46. Kf2
Kh5 47. hxg5 Kxg5 48. Kf3 h6 49. Kg2 Kg4 50. Kf2 h5 51. Kg2 h4 52. gxh4 Kxh4
53. Kf3 Kh3 54. Ke2 Kg2 55. Ke3 Kg3 0-1

[Event "IV Open Internacional Calvia"]
[Site "Calvia"]
[Date "2007.10.18"]
[Round "4.44"]
[White "Hoenick, Andreas"]
[Black "Dominguez Garcia, Juan Antonio"]
[Result "1-0"]
[WhiteElo "2158"]
[BlackElo "2001"]
[PlyCount "57"]
[EventDate "2007.??.??"]

1. d4 Nf6 2. c4 c5 3. d5 e6 4. Nc3 exd5 5. cxd5 d6 6. e4 g6 7. Nf3 Bg7 8. Bd3
O-O 9. h3 b5 10. Nxb5 Nxe4 11. Bxe4 Qa5+ 12. Nc3 Ba6 13. Bd2 Re8 14. Ng5 h6 15.
Ne6 Nd7 16. Nxg7 Kxg7 17. f3 f5 18. Kf2 fxe4 19. Nxe4 Qb6 20. Bc3+ Kh7 21. Re1
Re5 22. Bxe5 Nxe5 23. Kg1 Nd3 24. Qd2 Rf8 25. Re3 c4 26. Kh1 Ne5 27. Rae1 Rf4
28. Nxd6 Rd4 29. Qc3 1-0

[Event "IV Open Internacional Calvia"]
[Site "Calvia"]
[Date "2007.10.18"]
[Round "4.45"]
[White "Abadia Pascual, Luis"]
[Black "Cruz Condori, Alfredo"]
[Result "1/2-1/2"]
[WhiteElo "1979"]
[BlackElo "2149"]
[PlyCount "62"]
[EventDate "2007.??.??"]

1. e4 c5 2. Nf3 Nc6 3. d4 cxd4 4. Nxd4 Nf6 5. Nc3 e5 6. Ndb5 d6 7. Bg5 a6 8.
Na3 b5 9. Bxf6 gxf6 10. Nd5 f5 11. exf5 Bxf5 12. c3 Bg7 13. Nc2 O-O 14. Nce3
Be6 15. Bd3 f5 16. Qh5 e4 17. Bc2 Ne7 18. Bb3 Nxd5 19. Bxd5 Bxd5 20. Nxd5 Be5
21. O-O Ra7 22. f4 exf3 23. Rxf3 Raf7 24. Raf1 Qd7 25. Rxf5 Rxf5 26. Rxf5 Rxf5
27. Qxf5 Qxf5 28. Ne7+ Kf7 29. Nxf5 Ke6 30. Ne3 d5 31. Kf2 d4 1/2-1/2

[Event "IV Open Internacional Calvia"]
[Site "Calvia"]
[Date "2007.10.18"]
[Round "4.46"]
[White "Persson, Mats"]
[Black "Levine, Yonatan"]
[Result "1-0"]
[WhiteElo "2131"]
[BlackElo "1984"]
[PlyCount "131"]
[EventDate "2007.??.??"]

1. e4 g6 2. d4 Bg7 3. c3 d6 4. Nf3 Nf6 5. Bd3 Nc6 6. O-O O-O 7. Qe2 Nd7 8. d5
Nce5 9. Nxe5 Nxe5 10. Bc2 c5 11. f4 Nd7 12. Nd2 Rb8 13. a4 a6 14. Bd3 Nf6 15.
c4 Ne8 16. f5 Nc7 17. a5 b5 18. axb6 Rxb6 19. Ra2 Ne8 20. Nf3 Qc7 21. Bc2 Qb8
22. b3 Nf6 23. Qe1 Rxb3 24. Bxb3 Qxb3 25. Re2 Qxc4 26. fxg6 hxg6 27. Bg5 Bg4
28. h3 Bxf3 29. Rxf3 a5 30. Ra3 Qb4 31. Rxa5 Qxe1+ 32. Rxe1 Nxd5 33. Ra7 Bd4+
34. Kh1 Nf6 35. Rxe7 Rc8 36. Rf1 Kf8 37. Rb7 Nxe4 38. Rfxf7+ Kg8 39. Bh6 g5 40.
Bg7 Ng3+ 41. Kh2 Nf1+ 42. Rxf1 Bxg7 43. Rf5 Be5+ 44. g3 c4 45. Rxg5+ Kh8 46.
Kg2 c3 47. Rb4 Rc7 48. Rh4+ Rh7 49. Rc4 Re7 50. Kf3 Bf6 51. Rd5 Be5 52. h4 Rf7+
53. Kg2 Rg7 54. Rxe5 dxe5 55. Rxc3 Re7 56. Kf3 Kg7 57. Rc6 Kf7 58. Ke4 Kg7 59.
g4 Kf7 60. h5 Kg8 61. Rg6+ Kf7 62. Rg5 Re6 63. Rxe5 Rh6 64. Kf5 Rf6+ 65. Kg5
Kg7 66. Re7+ 1-0

[Event "IV Open Internacional Calvia"]
[Site "Calvia"]
[Date "2007.10.18"]
[Round "4.47"]
[White "Ferrer Roig, Juan"]
[Black "Campos Calvo-Sotelo, Juan"]
[Result "1/2-1/2"]
[WhiteElo "2130"]
[BlackElo "1971"]
[PlyCount "103"]
[EventDate "2007.??.??"]

1. e4 e6 2. d4 a6 3. Bd3 b5 4. Qe2 Bb7 5. Nf3 c5 6. c3 Nf6 7. O-O Nc6 8. e5 Nd5
9. dxc5 Bxc5 10. a4 b4 11. Ng5 Nxe5 12. Qxe5 f6 13. Qe2 fxg5 14. Qh5+ Kf8 15.
Bxg5 Qe8 16. Qe2 bxc3 17. Nxc3 Nxc3 18. bxc3 Qc8 19. Kh1 h5 20. Qe5 Kg8 21.
Rab1 Bc6 22. f3 Qf8 23. a5 h4 24. h3 Bd6 25. Qe2 Bc7 26. Bxa6 Qd6 27. f4 Rxa6
28. Rfd1 Bd5 29. c4 Rxa5 30. cxd5 Rxd5 31. Rxd5 Qxd5 32. Rc1 Qa5 33. Qc2 Bb6
34. Qg6 Qa8 35. f5 Qf8 36. fxe6 dxe6 37. Qxe6+ Kh7 38. Qxb6 Rg8 39. Rc4 Qf1+
40. Kh2 Qxc4 41. Qb1+ g6 42. Qe1 Qc7+ 43. Kh1 Qg3 44. Bxh4 Qxe1+ 45. Bxe1 g5
46. Kh2 Kg6 47. Bg3 Kf5 48. Bc7 Ke4 49. Kg3 Kf5 50. Bd6 Rd8 51. Bc7 Rd3+ 52.
Kh2 1/2-1/2

[Event "IV Open Internacional Calvia"]
[Site "Calvia"]
[Date "2007.10.18"]
[Round "4.48"]
[White "Tofte, Sondre Waage"]
[Black "Thollin, Robert"]
[Result "1/2-1/2"]
[WhiteElo "2107"]
[BlackElo "1964"]
[PlyCount "92"]
[EventDate "2007.??.??"]

1. e4 d6 2. d4 Nf6 3. Nc3 g6 4. Bc4 Bg7 5. Bb3 Nc6 6. Nge2 O-O 7. h3 Na5 8. Be3
Nxb3 9. axb3 a6 10. f4 b6 11. g4 Bb7 12. Ng3 e5 13. g5 Nd7 14. dxe5 dxe5 15. f5
f6 16. Qg4 fxg5 17. fxg6 hxg6 18. O-O-O Bc8 19. Bxg5 Qe8 20. Qh4 Nf6 21. Rhf1
Qe6 22. Bxf6 Bxf6 23. Qh6 Bg7 24. Rxf8+ Bxf8 25. Rd8 Qf7 26. Nd5 Bb7 27. Rxa8
Bxa8 28. Qg5 Bxd5 29. exd5 Qf4+ 30. Qxf4 exf4 31. Ne4 Kg7 32. Kd2 Kh6 33. Ke2
Bg7 34. c3 Be5 35. Kf3 Kh5 36. b4 g5 37. b3 Bd6 38. Nf2 Kh4 39. Kg2 Be7 40. Nd3
f3+ 41. Kxf3 Kxh3 42. Nf2+ Kh4 43. Ng4 Bd6 44. Ne3 Kh3 45. Ng4 Be7 46. Nf2+ Kh4
1/2-1/2

[Event "IV Open Internacional Calvia"]
[Site "Calvia"]
[Date "2007.10.18"]
[Round "4.50"]
[White "Wahl, Peter"]
[Black "Larsson, Daniel"]
[Result "0-1"]
[WhiteElo "2100"]
[BlackElo "1962"]
[PlyCount "70"]
[EventDate "2007.??.??"]

1. d4 e6 2. c4 f5 3. g3 Nf6 4. Bg2 c6 5. Nf3 d5 6. b3 Bd6 7. O-O Qe7 8. Bb2 O-O
9. Nbd2 Bd7 10. Ne5 Be8 11. cxd5 exd5 12. Qc2 Nbd7 13. f4 Ne4 14. Nxe4 fxe4 15.
Bh3 Nf6 16. e3 Bd7 17. Qg2 Bxh3 18. Qxh3 Bxe5 19. fxe5 Nd7 20. a4 Rxf1+ 21.
Rxf1 Rf8 22. Rxf8+ Nxf8 23. Qc8 Kf7 24. Qf5+ Kg8 25. Qc8 h6 26. Bc3 Qa3 27. Ba5
Qxb3 28. e6 Qxe3+ 29. Kg2 Qf3+ 30. Kg1 e3 31. Be1 e2 32. Bf2 Qe4 33. Be1 Qxd4+
34. Kg2 Qf6 35. Bf2 Qxe6 0-1

[Event "IV Open Internacional Calvia"]
[Site "Calvia"]
[Date "2007.10.18"]
[Round "4.51"]
[White "Oliver Serrano, Angel"]
[Black "Edvardsen, Ingar"]
[Result "0-1"]
[WhiteElo "2094"]
[BlackElo "1941"]
[PlyCount "66"]
[EventDate "2007.??.??"]

1. e4 c5 2. Nf3 Nc6 3. d4 cxd4 4. Nxd4 Nf6 5. Nc3 e5 6. Ndb5 d6 7. Bg5 a6 8.
Na3 b5 9. Nd5 Be7 10. Bxf6 Bxf6 11. c4 b4 12. Nc2 a5 13. b3 O-O 14. Be2 Bg5 15.
O-O Kh8 16. Qd3 f5 17. Nde3 fxe4 18. Qxe4 Bb7 19. Nd5 Ne7 20. Nce3 Rf4 21. Qc2
Nxd5 22. Nxd5 Bxd5 23. cxd5 Rc8 24. Bc4 Qb6 25. g3 Rf3 26. Qe2 Rcf8 27. Kg2 Rc3
28. Rad1 Qb7 29. Qe4 Qf7 30. Bd3 g6 31. h4 Bh6 32. Rde1 Qf5 33. Re2 Rxd3 0-1

[Event "IV Open Internacional Calvia"]
[Site "Calvia"]
[Date "2007.10.18"]
[Round "4.52"]
[White "Schmitz, Andreas Arnold"]
[Black "Lucena Cifre, Rafael Jose"]
[Result "1-0"]
[WhiteElo "2093"]
[BlackElo "1922"]
[PlyCount "115"]
[EventDate "2007.??.??"]

1. e4 e6 2. d4 d5 3. Nd2 Nf6 4. e5 Nfd7 5. Bd3 c5 6. c3 Nc6 7. Ne2 Qb6 8. Nf3
cxd4 9. cxd4 Bb4+ 10. Bd2 Bxd2+ 11. Qxd2 Qb4 12. Rc1 Qxd2+ 13. Kxd2 Nb6 14. a3
Bd7 15. h4 Rc8 16. h5 h6 17. Nh4 Na5 18. Rxc8+ Nxc8 19. f4 Ne7 20. g4 b5 21. b4
Nc4+ 22. Kc3 a6 23. Kb3 Nd2+ 24. Ka2 Nc4 25. Nc1 Nc6 26. Nb3 Ke7 27. f5 Ra8 28.
Rf1 a5 29. Bxc4 bxc4 30. Nxa5 Nxd4 31. f6+ Kf8 32. Rd1 Ne2 33. Rd2 Nf4 34. Nxc4
dxc4 35. fxg7+ Kxg7 36. Rxd7 Nd3 37. b5 Nxe5 38. Rc7 Kf6 39. Ng2 Rd8 40. Ne3
Rd2+ 41. Kb1 Rd3 42. Nxc4 Nxc4 43. Rxc4 Rb3+ 44. Kc2 Rxb5 45. Rf4+ Ke7 46. a4
Rb7 47. a5 Kd6 48. Ra4 Kc5 49. a6 Ra7 50. g5 hxg5 51. h6 f5 52. h7 Rxh7 53. a7
Rxa7 54. Rxa7 g4 55. Kd3 e5 56. Rf7 f4 57. Ke4 g3 58. Rg7 1-0

[Event "IV Open Internacional Calvia"]
[Site "Calvia"]
[Date "2007.10.18"]
[Round "4.53"]
[White "Moreno Mateos, Jose Luis"]
[Black "Juan Mas, Santiago"]
[Result "0-1"]
[WhiteElo "1931"]
[BlackElo "2090"]
[PlyCount "42"]
[EventDate "2007.??.??"]

1. e4 Nc6 2. d4 d6 3. Nc3 g6 4. Be3 Bg7 5. h3 e5 6. Nf3 exd4 7. Nxd4 Nf6 8. Qd2
O-O 9. Be2 Re8 10. Nxc6 bxc6 11. Bf3 Rb8 12. O-O Ba6 13. Rfe1 Rxb2 14. Rab1
Rxb1 15. Rxb1 Nd7 16. Rb3 Nb6 17. Bd4 Nc4 18. Qd1 Ne5 19. Bxa7 Qa8 20. Be3 Bc4
21. Rb4 Qa3 0-1

[Event "IV Open Internacional Calvia"]
[Site "Calvia"]
[Date "2007.10.18"]
[Round "4.54"]
[White "Ignacz, Rozsa"]
[Black "Strikovic, Maja"]
[Result "1-0"]
[WhiteElo "2079"]
[BlackElo "1917"]
[PlyCount "81"]
[EventDate "2007.??.??"]

1. d4 Nf6 2. c4 e5 3. dxe5 Ng4 4. Nf3 Bc5 5. e3 Nc6 6. Be2 Ncxe5 7. Nxe5 Nxe5
8. Bd2 a5 9. O-O O-O 10. Bc3 Re8 11. Nd2 Bf8 12. Nf3 Nxf3+ 13. Bxf3 Qh4 14. Qd4
Qg5 15. Rfd1 Bc5 16. Qd2 Bb6 17. Qe2 c6 18. Bg4 Re4 19. Bxd7 f5 20. b3 Re7 21.
Bxc8 Rxc8 22. Qf3 Rce8 23. Bd4 Bc7 24. g3 Re4 25. Kh1 h5 26. h4 Qg6 27. Bc3 Bb6
28. Rd7 Rxe3 29. fxe3 Rxe3 30. Qxe3 Bxe3 31. Rxg7+ Qxg7 32. Bxg7 Kxg7 33. Kg2
Bd4 34. Rd1 c5 35. Re1 Kf6 36. Re8 Be5 37. Ra8 b6 38. Rc8 Bd6 39. Rc6 Ke5 40.
Rxb6 Bc7 41. Rc6 1-0

[Event "IV Open Internacional Calvia"]
[Site "Calvia"]
[Date "2007.10.18"]
[Round "4.55"]
[White "Ensenat Calafell, Jose Luis"]
[Black "Munar Rossello, Pedro"]
[Result "0-1"]
[WhiteElo "1782"]
[BlackElo "2075"]
[PlyCount "68"]
[EventDate "2007.??.??"]

1. e4 c5 2. Nc3 Nc6 3. f4 e6 4. Nf3 d5 5. exd5 exd5 6. Bb5 Nf6 7. O-O Be7 8. d3
O-O 9. Bxc6 bxc6 10. Qe1 Re8 11. Qg3 Nh5 12. Qf2 Bd6 13. Ne5 Qc7 14. Qh4 Bxe5
15. Qxh5 Bd4+ 16. Kh1 g6 17. Qh4 f5 18. Bd2 Ba6 19. Rae1 c4 20. Qg3 cxd3 21.
cxd3 Bf6 22. Rc1 Qd6 23. Qf3 Re7 24. Rfe1 Rae8 25. Rxe7 Qxe7 26. h3 Bb7 27. Re1
Qd7 28. Rxe8+ Qxe8 29. Qf2 Ba6 30. Qxa7 Bxd3 31. a4 d4 32. Na2 Qe2 33. Bb4 Qf1+
34. Kh2 Qxf4+ 0-1

[Event "IV Open Internacional Calvia"]
[Site "Calvia"]
[Date "2007.10.18"]
[Round "4.62"]
[White "Haugstad, Espen"]
[Black "Mollet, Rene"]
[Result "1-0"]
[WhiteElo "2025"]
[BlackElo "1874"]
[PlyCount "41"]
[EventDate "2007.??.??"]

1. e4 c5 2. Nf3 Nc6 3. d4 cxd4 4. Nxd4 Nf6 5. Nc3 e6 6. Be3 a6 7. Be2 Bb4 8. f3
Qa5 9. Qd2 O-O 10. O-O Bxc3 11. bxc3 d5 12. Bg5 Ne5 13. Bxf6 gxf6 14. f4 Nc4
15. Bxc4 dxc4 16. f5 e5 17. Rf3 Kh8 18. Qh6 Bxf5 19. Qxf6+ Kg8 20. Nxf5 Qc5+
21. Kh1 1-0

[Event "IV Open Internacional Calvia"]
[Site "Calvia"]
[Date "2007.10.18"]
[Round "4.66"]
[White "Febrero Perez, Lluis"]
[Black "Antoniacci, Riccardo"]
[Result "0-1"]
[WhiteElo "1690"]
[BlackElo "1935"]
[PlyCount "36"]
[EventDate "2007.??.??"]

1. e4 c5 2. Nf3 Nc6 3. d4 cxd4 4. Nxd4 g6 5. Bc4 Bg7 6. Be3 Nf6 7. Nd2 O-O 8.
O-O d5 9. Nxc6 bxc6 10. exd5 cxd5 11. Bb3 Ng4 12. c3 Nxe3 13. fxe3 a5 14. Nf3
e6 15. Qe1 Qb6 16. Kh1 a4 17. Bc2 Qxb2 18. Rf2 Bxc3 0-1

[Event "IV Open Internacional Calvia"]
[Site "Calvia"]
[Date "2007.10.18"]
[Round "4.67"]
[White "Dominguez Almansa, Flora"]
[Black "Lewandowski, Richard"]
[Result "1-0"]
[WhiteElo "1408"]
[BlackElo "1758"]
[PlyCount "67"]
[EventDate "2007.??.??"]

1. e4 c5 2. Nf3 Nc6 3. d4 cxd4 4. Nxd4 d6 5. Nc3 a6 6. Be2 Nf6 7. O-O Bd7 8.
Bg5 e6 9. Qd2 Be7 10. Be3 Nxd4 11. Qxd4 e5 12. Qd2 O-O 13. f3 Bc6 14. Rad1 Qc7
15. a3 b5 16. Bd3 Rfd8 17. Qf2 Nd7 18. Kh1 Bf8 19. b4 Rdb8 20. f4 exf4 21. Qxf4
Ne5 22. Nd5 Bxd5 23. exd5 Qe7 24. Bd4 g6 25. c3 Bg7 26. Bc2 Rb7 27. Rde1 Re8
28. Bd1 Qf8 29. Bc2 Rbe7 30. Re3 Bh6 31. Qh4 Bxe3 32. Bxe3 Rc8 33. Bh6 Qe8 34.
Qf6 1-0

[Event "IV Open Internacional Calvia"]
[Site "Calvia"]
[Date "2007.10.18"]
[Round "4.68"]
[White "Lie, Terje"]
[Black "Moragues Liebana, Salvador"]
[Result "1-0"]
[WhiteElo "1742"]
[BlackElo "1604"]
[PlyCount "125"]
[EventDate "2007.??.??"]

1. d4 Nf6 2. c4 g6 3. Nc3 d6 4. e4 Bg7 5. f3 O-O 6. Be3 e5 7. Nge2 b6 8. Qd2
Bb7 9. Bh6 Nxe4 10. fxe4 Qh4+ 11. g3 Qxh6 12. Qxh6 Bxh6 13. d5 c6 14. Bg2 Be3
15. Rf1 Nd7 16. Rf3 Bh6 17. g4 Nc5 18. Rh3 Bg5 19. b4 Nd7 20. Bf3 a6 21. dxc6
Bxc6 22. Nd5 Bxd5 23. cxd5 Rac8 24. Kd1 Rc4 25. a3 Rfc8 26. Rg3 Nf6 27. h3 Nxe4
28. Bxe4 Rxe4 29. Rd3 Rec4 30. Ng3 Rc3 31. Ke2 Rxd3 32. Kxd3 Rc1 33. Rxc1 Bxc1
34. a4 Ba3 35. Kc3 a5 36. bxa5 bxa5 37. g5 Kg7 38. Ne4 h6 39. h4 h5 40. Kd3 Bb4
41. Ke2 Kf8 42. Kf2 Ke7 43. Ke2 Kd7 44. Nf6+ Kc7 45. Ne4 Kb6 46. Kf2 Bc3 47.
Nxc3 Kc5 48. Ke3 Kc4 49. Kd2 Kd4 50. Kc2 e4 51. Kd2 Ke5 52. Ke3 f5 53. gxf6
Kxf6 54. Kxe4 g5 55. hxg5+ Kxg5 56. Nb5 h4 57. Nxd6 h3 58. Kf3 h2 59. Kg2 h1=Q+
60. Kxh1 Kf6 61. Nc4 Ke7 62. d6+ Kd7 63. Kg2 1-0

[Event "IV Open Internacional Calvia"]
[Site "Calvia"]
[Date "2007.10.19"]
[Round "5.2"]
[White "Mchedlishvili, Mikheil"]
[Black "Mamedov, Rauf"]
[Result "1/2-1/2"]
[WhiteElo "2631"]
[BlackElo "2582"]
[PlyCount "34"]
[EventDate "2007.??.??"]

1. d4 d6 2. c4 e5 3. d5 f5 4. e4 fxe4 5. Nc3 Nf6 6. Nge2 Bf5 7. Ng3 Bg6 8. Be2
Be7 9. Be3 O-O 10. Qb3 b6 11. Qc2 Nbd7 12. Ngxe4 Nxe4 13. Nxe4 Nf6 14. Nxf6+
Bxf6 15. Qd2 e4 16. O-O Be5 17. Bd4 Qf6 1/2-1/2

[Event "IV Open Internacional Calvia"]
[Site "Calvia"]
[Date "2007.10.19"]
[Round "5.3"]
[White "Hamdouchi, Hichem"]
[Black "Wojtaszek, Radoslaw"]
[Result "1/2-1/2"]
[WhiteElo "2576"]
[BlackElo "2635"]
[PlyCount "31"]
[EventDate "2007.??.??"]

1. e4 c6 2. d4 d5 3. e5 Bf5 4. Nf3 e6 5. Be2 Nd7 6. O-O h6 7. Nbd2 Ne7 8. Nb3
Bh7 9. Bd2 Nf5 10. Bd3 Bg6 11. h3 a6 12. a3 c5 13. dxc5 Nxc5 14. Nxc5 Bxc5 15.
Bb4 b6 16. Bxc5 1/2-1/2

[Event "IV Open Internacional Calvia"]
[Site "Calvia"]
[Date "2007.10.19"]
[Round "5.6"]
[White "Marzolo, Cyril"]
[Black "Berg, Emanuel"]
[Result "1/2-1/2"]
[WhiteElo "2478"]
[BlackElo "2593"]
[PlyCount "31"]
[EventDate "2007.??.??"]

1. d4 Nf6 2. c4 e6 3. Nf3 b6 4. g3 Ba6 5. Nbd2 Bb4 6. Qa4 c5 7. a3 Bxd2+ 8.
Bxd2 cxd4 9. Bg2 Bb7 10. O-O O-O 11. Nxd4 Bxg2 12. Kxg2 Nc6 13. Nxc6 dxc6 14.
Bg5 Qd4 15. Bxf6 gxf6 16. Qc2 1/2-1/2

[Event "IV Open Internacional Calvia"]
[Site "Calvia"]
[Date "2007.10.19"]
[Round "5.7"]
[White "Kuzubov, Yuriy"]
[Black "Zugic, Igor"]
[Result "1/2-1/2"]
[WhiteElo "2582"]
[BlackElo "2477"]
[PlyCount "111"]
[EventDate "2007.??.??"]

1. d4 d5 2. c4 c6 3. Nf3 Nf6 4. e3 g6 5. Nc3 Bg7 6. Bd3 O-O 7. O-O Bg4 8. h3
Bxf3 9. Qxf3 e6 10. Rd1 Nbd7 11. Bd2 Re8 12. Rac1 Qe7 13. Qg3 dxc4 14. Bxc4 e5
15. Bb3 Rad8 16. Qh4 Nb6 17. dxe5 Qxe5 18. Qb4 Bf8 19. Qf4 Qxf4 20. exf4 Nfd5
21. Nxd5 Nxd5 22. g3 Rd7 23. Re1 Rxe1+ 24. Rxe1 Bb4 25. Re8+ Kg7 26. Bc1 Re7
27. Rxe7 Bxe7 28. Kf1 Bc5 29. Ke2 Bd4 30. Bc4 Kf6 31. a3 b5 32. Bd3 Ke6 33. b3
f5 34. g4 a6 35. Bd2 Bb2 36. a4 Bc3 37. Be3 Bf6 38. Bd2 Be7 39. axb5 axb5 40.
Kf3 Bb4 41. Be3 Bc3 42. Bc5 Kf6 43. Be3 Nc7 44. Bc5 Ne6 45. Be3 Bd4 46. Bd2 Nc7
47. Bc1 c5 48. Bd2 b4 49. Ke2 Ne8 50. f3 Nd6 51. Ba6 Ke6 52. Kd3 Kd5 53. Be1
Bf6 54. Bf2 Be7 55. Be3 Bh4 56. Bd2 1/2-1/2

[Event "IV Open Internacional Calvia"]
[Site "Calvia"]
[Date "2007.10.19"]
[Round "5.8"]
[White "Spraggett, Kevin"]
[Black "Orlov, Andrey"]
[Result "1/2-1/2"]
[WhiteElo "2580"]
[BlackElo "2481"]
[PlyCount "119"]
[EventDate "2007.??.??"]

1. e4 e5 2. Nf3 Nc6 3. Bb5 a6 4. Ba4 Nf6 5. O-O b5 6. Bb3 Be7 7. Re1 d6 8. c3
O-O 9. h3 Rb8 10. d3 Na5 11. Bc2 c5 12. Nbd2 b4 13. Nf1 bxc3 14. bxc3 Re8 15.
Ng3 Bf8 16. d4 Qc7 17. Bg5 Nd7 18. Ba4 h6 19. Bc1 Rd8 20. Nh5 Nb6 21. Bc2 Qe7
22. Rb1 Bd7 23. Ng3 g6 24. Nf1 cxd4 25. cxd4 Nbc4 26. Rxb8 Rxb8 27. Qe2 exd4
28. Nxd4 Bg7 29. Nb3 Nxb3 30. Bxb3 Na5 31. Bd5 Bb5 32. Qg4 Kh7 33. Ne3 Nc6 34.
Qd1 Nb4 35. a4 Be8 36. Ba3 Qd7 37. Bb3 Nc6 38. Bc4 Nd4 39. a5 Qd8 40. Qd2 Qg5
41. Kh1 Be5 42. Bxd6 Bxd6 43. Qxd4 Qxa5 44. Rd1 Be5 45. Qa7 Qb6 46. Qxa6 Qxa6
47. Bxa6 Ra8 48. Bb7 Ra1 49. Rxa1 Bxa1 50. Nc4 Kg7 51. f4 Bd4 52. g3 Bb5 53.
Nd6 Bf1 54. Kh2 f6 55. Bd5 Bd3 56. Kg2 Kf8 57. Bc4 Bc5 58. Bxd3 Bxd6 59. Kf3
Kf7 60. Bc4+ 1/2-1/2

[Event "IV Open Internacional Calvia"]
[Site "Calvia"]
[Date "2007.10.19"]
[Round "5.9"]
[White "Maze, Sebastien"]
[Black "Wirig, Anthony"]
[Result "1/2-1/2"]
[WhiteElo "2576"]
[BlackElo "2467"]
[PlyCount "115"]
[EventDate "2007.??.??"]

1. e4 c5 2. Nf3 d6 3. d4 cxd4 4. Nxd4 Nf6 5. Nc3 Nc6 6. Bg5 e6 7. Qd2 a6 8.
O-O-O Bd7 9. f4 h6 10. Bh4 Nxe4 11. Qe1 Nf6 12. Nf5 Qa5 13. Nxd6+ Bxd6 14. Rxd6
Qc7 15. Rd2 O-O-O 16. Be2 Ne7 17. Qf2 Bc6 18. Rhd1 Rxd2 19. Rxd2 Rd8 20. Bxf6
gxf6 21. Rxd8+ Qxd8 22. g3 Nd5 23. Qc5 Nxc3 24. Qxc3 Kd7 25. Qc5 Qe7 26. Qh5
Be4 27. c3 f5 28. Qxh6 Qc5 29. Qf6 Qe3+ 30. Kd1 Bc2+ 31. Ke1 Ke8 32. Qh8+ Ke7
33. Qd4 Qc1+ 34. Kf2 Qh1 35. Qh8 Be4 36. a3 Qg2+ 37. Ke3 Qg1+ 38. Kd2 Qf2 39.
Qh5 Ke8 40. b4 Bd5 41. a4 Bc4 42. a5 Bd5 43. Kd1 Qg1+ 44. Kc2 Qf2 45. Kd2 Be4
46. Qh8+ Ke7 47. Qh4+ Ke8 48. Qh3 Ke7 49. Kd1 Qg1+ 50. Kd2 Qf2 51. Qh8 Bf3 52.
Qe5 Qxh2 53. Qc7+ Ke8 54. Qc8+ Ke7 55. Qc5+ Ke8 56. Qc8+ Ke7 57. Qc7+ Ke8 58.
Qc5 1/2-1/2

[Event "IV Open Internacional Calvia"]
[Site "Calvia"]
[Date "2007.10.19"]
[Round "5.10"]
[White "Iturrizaga, Eduardo"]
[Black "Arencibia, Rodriguez Walter"]
[Result "1/2-1/2"]
[WhiteElo "2435"]
[BlackElo "2562"]
[PlyCount "60"]
[EventDate "2007.??.??"]

1. c4 e5 2. g3 Nc6 3. Bg2 Bc5 4. Nc3 d6 5. a3 a6 6. b4 Ba7 7. e3 Nge7 8. Nge2
O-O 9. O-O Be6 10. Nd5 Rb8 11. d4 exd4 12. exd4 Bg4 13. f3 Be6 14. Ne3 Nf5 15.
Nxf5 Bxf5 16. Kh1 Re8 17. Ra2 Qf6 18. Rd2 Ne7 19. Bb2 d5 20. c5 h5 21. Nf4 h4
22. g4 Bd7 23. Nd3 Ng6 24. f4 Re3 25. h3 Bb5 26. f5 Nf8 27. Rf3 Rbe8 28. Ne5
Rxf3 29. Bxf3 c6 30. a4 Bc4 1/2-1/2